[Event "Stay Safe Play From Home 345"]
[Site "Emanuel Lasker Arena"]
[Date "2020.07.30"]
[Round "3"]
[White "Mehdi1887"]
[Black "Timbre"]
[Result "1-0"]
[WhiteElo "1706"]
[BlackElo "1609"]
[Annotator "NA"]
[PlyCount "51"]
[EventDate "2020.07.30"]
[EventType "swiss (blitz)"]

1. e4 {[%emt 0:00:01]} c6 {[%emt 0:00:14]} 2. d4 {[%emt 0:00:01]} d5 {[%emt 0:00:01]} 3. exd5 {[%emt 0:00:01]} cxd5 {[%emt 0:00:02]} 4. f3 {[%emt 0:00:00]} Nc6 {[%emt 0:00:02]} 5. Be3 {[%emt 0:00:01]} a6 {[%emt 0:00:02]} 6. Qd2 {[%emt 0:00:01]} Bf5 {[%emt 0:00:02]} 7. Bd3 {[%emt 0:00:02]} Bg6 {[%emt 0:00:02]} 8. Nc3 {[%emt 0:00:02]} e6 {[%emt 0:00:01]} 9. O-O-O {[%emt 0:00:02]} Nf6 {[%emt 0:00:01]} 10. g4 {[%emt 0:00:01]} Bb4 {[%emt 0:00:03]} 11. Nge2 {[%emt 0:00:03]} Qb6 {[%emt 0:00:11]} 12. h4 {[%emt 0:00:04]} Bxd3 {[%emt 0:00:04]} 13. Qxd3 {[%emt 0:00:02]} Bxc3 {[%emt 0:00:03]} 14. Nxc3 {[%emt 0:00:06]} O-O-O {[%emt 0:00:01]} 15. h5 {[%emt 0:00:04]} h6 {[%emt 0:00:02]} 16. g5 {[%emt 0:00:02]} hxg5 {[%emt 0:00:02]} 17. Bxg5 {[%emt 0:00:01]} Na5 {[%emt 0:00:11]} 18. h6 {[%emt 0:00:05]} Nh7 {[%emt 0:00:20]} 19. hxg7 {[%emt 0:00:05]} Rhg8 {[%emt 0:00:03]} 20. Rxh7 {[%emt 0:00:13]} Nc4 {[%emt 0:00:03]} 21. Na4 {[%emt 0:00:10]} Qb4 {[%emt 0:00:05]} 22. Bxd8 {[%emt 0:00:11]} Qxa4 {[%emt 0:00:07]} 23. a3 {[%emt 0:00:11]} Kxd8 {[%emt 0:00:16]} 24. Rh8 {[%emt 0:00:02]} Qb5 {[%emt 0:00:09]} 25. Rxg8+ {[%emt 0:00:03]} Ke7 {[%emt 0:00:03]} 26. Qb3 {[%emt 0:00:06] Timbre resigns (Lag: Av=0.56s, max=0.7s)} 1-0

[Event "Stay Safe Play From Home 345"]
[Site "Emanuel Lasker Arena"]
[Date "2020.07.30"]
[Round "3"]
[White "Klasman"]
[Black "Lucknow"]
[Result "1-0"]
[WhiteElo "1504"]
[BlackElo "1893"]
[Annotator "NA"]
[PlyCount "67"]
[EventDate "2020.07.30"]
[EventType "swiss (blitz)"]

1. f4 {[%emt 0:00:02]} d5 {[%emt 0:00:01]} 2. Nf3 {[%emt 0:00:01]} c5 {[%emt 0:00:01]} 3. e3 {[%emt 0:00:01]} e6 {[%emt 0:00:00]} 4. c4 {[%emt 0:00:01]} Nf6 {[%emt 0:00:01]} 5. Nc3 {[%emt 0:00:03]} Be7 {[%emt 0:00:01]} 6. cxd5 {[%emt 0:00:04]} exd5 {[%emt 0:00:01]} 7. Bb5+ {[%emt 0:00:01]} Bd7 {[%emt 0:00:02]} 8. Qa4 {[%emt 0:00:04]} Nc6 {[%emt 0:00:05]} 9. O-O {[%emt 0:00:08]} O-O {[%emt 0:00:01]} 10. Ne5 {[%emt 0:00:11]} Nxe5 {[%emt 0:00:23]} 11. fxe5 {[%emt 0:00:01]} Bxb5 {[%emt 0:00:01]} 12. Qxb5 {[%emt 0:00:08]} Ng4 {[%emt 0:00:38]} 13. Qxb7 {[%emt 0:00:16]} Nxe5 {[%emt 0:00:09]} 14. Qxd5 {[%emt 0:00:02]} Qb8 {[%emt 0:00:16]} 15. Ne4 {[%emt 0:00:15]} Qc7 {[%emt 0:00:15]} 16. d4 {[%emt 0:00:09]} Nd3 {[%emt 0:00:07]} 17. dxc5 {[%emt 0:00:14]} Rad8 {[%emt 0:00:08]} 18. Qh5 {[%emt 0:00:22]} Nxc5 {[%emt 0:00:06]} 19. Nc3 {[%emt 0:00:12]} Qc6 {[%emt 0:00:24]} 20. Qf3 {[%emt 0:00:02]} Qxf3 {[%emt 0:00:02]} 21. gxf3 {[%emt 0:00:01]} Nd3 {[%emt 0:00:01]} 22. e4 {[%emt 0:00:02]} Bf6 {[%emt 0:00:02]} 23. Be3 {[%emt 0:00:04]} Nxb2 {[%emt 0:00:02]} 24. Nd5 {[%emt 0:00:04]} Be5 {[%emt 0:00:04]} 25. Rab1 {[%emt 0:00:02]} Nc4 {[%emt 0:00:02]} 26. f4 {[%emt 0:00:02]} Bb8 {[%emt 0:00:01]} 27. f5 {[%emt 0:00:02]} Nxe3 {[%emt 0:00:01]} 28. Nxe3 {[%emt 0:00:02]} Be5 {[%emt 0:00:00]} 29. Nd5 {[%emt 0:00:01]} f6 {[%emt 0:00:00]} 30. Ne7+ {[%emt 0:00:01]} Kf7 {[%emt 0:00:01]} 31. Nd5 {[%emt 0:00:01]} Kg8 {[%emt 0:00:01]} 32. Rb7 {[%emt 0:00:01]} Kh8 {[%emt 0:00:00]} 33. Ne7 {[%emt 0:00:01]} Rde8 {[%emt 0:00:02]} 34. Ng6+ {[%emt 0:00:01] Zeit (Lag: Av=0.46s, max=1.1s)} 1-0

[Event "Stay Safe Play From Home 345"]
[Site "Emanuel Lasker Arena"]
[Date "2020.07.30"]
[Round "4"]
[White "Greblha"]
[Black "Weltszmerc"]
[Result "0-1"]
[WhiteElo "1958"]
[BlackElo "2031"]
[PlyCount "60"]
[EventDate "2020.07.30"]
[EventType "swiss (blitz)"]

1. e4 {[%emt 0:00:01]} Nf6 {[%emt 0:00:01]} 2. Nc3 {[%emt 0:00:02]} d5 {[%emt 0:00:01]} 3. exd5 {[%emt 0:00:01]} Nxd5 {[%emt 0:00:00]} 4. Nf3 {[%emt 0:00:01]} c6 {[%emt 0:00:01]} 5. Bc4 {[%emt 0:00:02]} Bg4 {[%emt 0:00:01]} 6. O-O {[%emt 0:00:01]} e6 {[%emt 0:00:00]} 7. Nxd5 {[%emt 0:00:03]} exd5 {[%emt 0:00:03]} 8. Be2 {[%emt 0:00:01]} Be7 {[%emt 0:00:01]} 9. d4 {[%emt 0:00:01]} Nd7 {[%emt 0:00:02]} 10. c3 {[%emt 0:00:01]} O-O {[%emt 0:00:02]} 11. Qe1 {[%emt 0:00:01]} Bd6 {[%emt 0:00:02]} 12. h3 {[%emt 0:00:01]} Bh5 {[%emt 0:00:02]} 13. g4 {[%emt 0:00:08]} Bg6 {[%emt 0:00:01]} 14. Bg5 {[%emt 0:00:09]} Qc7 {[%emt 0:00:02]} 15. Qd1 {[%emt 0:00:05]} Rfe8 {[%emt 0:00:01]} 16. Bd3 {[%emt 0:00:03]} Be4 {[%emt 0:00:08]} 17. Bh4 {[%emt 0:00:09]} h6 {[%emt 0:00:03]} 18. Kg2 {[%emt 0:00:02]} Nf8 {[%emt 0:00:05]} 19. Bg3 {[%emt 0:00:01]} Ng6 {[%emt 0:00:01]} 20. Bxe4 {[%emt 0:00:08]} dxe4 {[%emt 0:00:04]} 21. Nh4 {[%emt 0:00:13]} e3 {[%emt 0:00:12]} 22. Qf3 {[%emt 0:00:18]} exf2 {[%emt 0:00:18]} 23. Rxf2 {[%emt 0:00:05]} Bxg3 {[%emt 0:00:02]} 24. Qxg3 {[%emt 0:00:02]} Qxg3+ {[%emt 0:00:04]} 25. Kxg3 {[%emt 0:00:01]} Nxh4 {[%emt 0:00:05]} 26. Kxh4 {[%emt 0:00:01]} Re3 {[%emt 0:00:00]} 27. Rh1 {[%emt 0:00:10]} Rae8 {[%emt 0:00:06]} 28. g5 {[%emt 0:00:08]} R8e4+ {[%emt 0:00:03]} 29. Kh5 {[%emt 0:00:11]} g6+ {[%emt 0:00:01]} 30. Kxh6 {[%emt 0:00:01]} Rh4# {[%emt 0:00:01] (Lag: Av=0.58s, max=0.9s)} 0-1

[Event "Stay Safe Play From Home 345"]
[Site "Emanuel Lasker Arena"]
[Date "2020.07.30"]
[Round "4"]
[White "Kongle"]
[Black "Dukic"]
[Result "0-1"]
[WhiteElo "1834"]
[BlackElo "1796"]
[Annotator "NA"]
[PlyCount "64"]
[EventDate "2020.07.30"]
[EventType "swiss (blitz)"]

1. d4 {[%emt 0:00:02]} c6 {[%emt 0:00:01]} 2. c4 {[%emt 0:00:02]} d6 {[%emt 0:00:01]} 3. Nc3 {[%emt 0:00:01]} Nd7 {[%emt 0:00:01]} 4. e4 {[%emt 0:00:01]} e5 {[%emt 0:00:01]} 5. Nf3 {[%emt 0:00:06]} Be7 {[%emt 0:00:01]} 6. dxe5 {[%emt 0:00:02]} dxe5 {[%emt 0:00:02]} 7. Be2 {[%emt 0:00:01]} Ngf6 {[%emt 0:00:01]} 8. Be3 {[%emt 0:00:02]} Qc7 {[%emt 0:00:02]} 9. h3 {[%emt 0:00:01]} Bc5 {[%emt 0:00:03]} 10. Bxc5 {[%emt 0:00:03]} Nxc5 {[%emt 0:00:01]} 11. O-O {[%emt 0:00:00]} Ncxe4 {[%emt 0:00:01]} 12. Nxe4 {[%emt 0:00:04]} Nxe4 {[%emt 0:00:01]} 13. Bd3 {[%emt 0:00:01]} Nf6 {[%emt 0:00:02]} 14. Bc2 {[%emt 0:00:02]} O-O {[%emt 0:00:01]} 15. Re1 {[%emt 0:00:02]} Re8 {[%emt 0:00:01]} 16. Qd2 {[%emt 0:00:06]} h6 {[%emt 0:00:02]} 17. Rad1 {[%emt 0:00:02]} e4 {[%emt 0:00:03]} 18. Nd4 {[%emt 0:00:07]} Bd7 {[%emt 0:00:07]} 19. c5 {[%emt 0:00:04]} Rad8 {[%emt 0:00:02]} 20. Qe3 {[%emt 0:00:01]} Qe5 {[%emt 0:00:03]} 21. f4 {[%emt 0:00:11]} Qxc5 {[%emt 0:00:03]} 22. Bb1 {[%emt 0:00:07]} Nd5 {[%emt 0:00:07]} 23. Qg3 {[%emt 0:00:02]} f5 {[%emt 0:00:02]} 24. a3 {[%emt 0:00:12]} Bc8 {[%emt 0:00:05]} 25. Kh2 {[%emt 0:00:02]} Qd6 {[%emt 0:00:03]} 26. b4 {[%emt 0:00:06]} Qxf4 {[%emt 0:00:03]} 27. Qxf4 {[%emt 0:00:04]} Nxf4 {[%emt 0:00:01]} 28. g3 {[%emt 0:00:19]} Nd3 {[%emt 0:00:12]} 29. Ba2+ {[%emt 0:00:06]} Kh7 {[%emt 0:00:03]} 30. Rxd3 {[%emt 0:00:24]} exd3 {[%emt 0:00:03]} 31. Rxe8 {[%emt 0:00:03]} Rxe8 {[%emt 0:00:01]} 32. Nf3 {[%emt 0:00:02]} Re2+ {[%emt 0:00:08] Kongle resigns (Lag: Av=0.59s, max=1.1s)} 0-1

[Event "Stay Safe Play From Home 345"]
[Site "Emanuel Lasker Arena"]
[Date "2020.07.30"]
[Round "4"]
[White "Buzaglo"]
[Black "Lazieri3"]
[Result "0-1"]
[WhiteElo "1761"]
[BlackElo "2044"]
[PlyCount "26"]
[EventDate "2020.07.30"]
[EventType "swiss (blitz)"]

1. d4 {[%emt 0:00:01]} c6 {[%emt 0:00:00]} 2. Nf3 {[%emt 0:00:00]} d5 {[%emt 0:00:00]} 3. g3 {[%emt 0:00:01]} Nf6 {[%emt 0:00:06]} 4. Bg2 {[%emt 0:00:00]} Bf5 {[%emt 0:00:05]} 5. O-O {[%emt 0:00:00]} e6 {[%emt 0:00:02]} 6. Nh4 {[%emt 0:00:01]} Bg4 {[%emt 0:00:03]} 7. h3 {[%emt 0:00:01]} Bh5 {[%emt 0:00:01]} 8. Nd2 {[%emt 0:00:07]} Be7 {[%emt 0:00:07]} 9. Nhf3 {[%emt 0:00:02]} Nbd7 {[%emt 0:00:06]} 10. c4 {[%emt 0:00:01]} h6 {[%emt 0:00:03]} 11. cxd5 {[%emt 0:00:02]} exd5 {[%emt 0:00:01]} 12. Qb3 {[%emt 0:00:01]} Qb6 {[%emt 0:00:01]} 13. Qb4 {[%emt 0:00:02]} Bxb4 {[%emt 0:00:02] Buzaglo resigns (Lag: Av=0.66s, max=0.8s)} 0-1

[Event "Stay Safe Play From Home 345"]
[Site "Emanuel Lasker Arena"]
[Date "2020.07.30"]
[Round "4"]
[White "Padmaesh M K"]
[Black "Haris kollari 13"]
[Result "0-1"]
[WhiteElo "1711"]
[BlackElo "1864"]
[Annotator "NA"]
[PlyCount "108"]
[EventDate "2020.07.30"]
[EventType "swiss (blitz)"]

1. d4 {[%emt 0:00:02]} d5 {[%emt 0:00:01]} 2. Nf3 {[%emt 0:00:01]} c5 {[%emt 0:00:01]} 3. c4 {[%emt 0:00:00]} e6 {[%emt 0:00:02]} 4. cxd5 {[%emt 0:00:01]} exd5 {[%emt 0:00:01]} 5. Nc3 {[%emt 0:00:02]} Nf6 {[%emt 0:00:02]} 6. Bg5 {[%emt 0:00:02]} Be6 {[%emt 0:00:01]} 7. e3 {[%emt 0:00:01]} c4 {[%emt 0:00:01]} 8. Ne5 {[%emt 0:00:04]} Bd6 {[%emt 0:00:05]} 9. Qa4+ {[%emt 0:00:02]} Nbd7 {[%emt 0:00:03]} 10. Nxd7 {[%emt 0:00:01]} Qxd7 {[%emt 0:00:01]} 11. Qxd7+ {[%emt 0:00:02]} Nxd7 {[%emt 0:00:01]} 12. Be2 {[%emt 0:00:07]} a6 {[%emt 0:00:01]} 13. Bf3 {[%emt 0:00:02]} Bb4 {[%emt 0:00:08]} 14. O-O {[%emt 0:00:04]} Bxc3 {[%emt 0:00:02]} 15. bxc3 {[%emt 0:00:00]} O-O {[%emt 0:00:07]} 16. Rab1 {[%emt 0:00:04]} b5 {[%emt 0:00:02]} 17. Rb4 {[%emt 0:00:02]} f6 {[%emt 0:00:04]} 18. Bf4 {[%emt 0:00:01]} Nb6 {[%emt 0:00:02]} 19. Bd1 {[%emt 0:00:09]} Rfc8 {[%emt 0:00:04]} 20. Bc2 {[%emt 0:00:01]} Bd7 {[%emt 0:00:01]} 21. Rfb1 {[%emt 0:00:02]} a5 {[%emt 0:00:01]} 22. R4b2 {[%emt 0:00:01]} Kf7 {[%emt 0:00:04]} 23. a4 {[%emt 0:00:02]} Nxa4 {[%emt 0:00:04]} 24. Bxa4 {[%emt 0:00:03]} bxa4 {[%emt 0:00:01]} 25. Ra2 {[%emt 0:00:04]} g5 {[%emt 0:00:03]} 26. Bg3 {[%emt 0:00:02]} h5 {[%emt 0:00:01]} 27. h3 {[%emt 0:00:02]} Ke6 {[%emt 0:00:00]} 28. Rb6+ {[%emt 0:00:02]} Rc6 {[%emt 0:00:01]} 29. Rb7 {[%emt 0:00:02]} Raa6 {[%emt 0:00:02]} 30. Rxa4 {[%emt 0:00:02]} Rcb6 {[%emt 0:00:02]} 31. Rxb6+ {[%emt 0:00:03]} Rxb6 {[%emt 0:00:01]} 32. Rxa5 {[%emt 0:00:00]} h4 {[%emt 0:00:01]} 33. Bc7 {[%emt 0:00:03]} Rb7 {[%emt 0:00:01]} 34. Ra6+ {[%emt 0:00:02]} Kf7 {[%emt 0:00:02]} 35. Bd8 {[%emt 0:00:01]} Be6 {[%emt 0:00:02]} 36. Bb6 {[%emt 0:00:05]} Rb8 {[%emt 0:00:02]} 37. Ra7+ {[%emt 0:00:02]} Kg6 {[%emt 0:00:01]} 38. Bc5 {[%emt 0:00:02]} Bf5 {[%emt 0:00:07]} 39. Bb4 {[%emt 0:00:05]} g4 {[%emt 0:00:03]} 40. hxg4 {[%emt 0:00:03]} Bxg4 {[%emt 0:00:01]} 41. Ra6 {[%emt 0:00:01]} Kf7 {[%emt 0:00:07]} 42. Ra7+ {[%emt 0:00:03]} Kg6 {[%emt 0:00:02]} 43. Ra6 {[%emt 0:00:02]} Rb7 {[%emt 0:00:01]} 44. Rd6 {[%emt 0:00:01]} h3 {[%emt 0:00:05]} 45. gxh3 {[%emt 0:00:02]} Bf3 {[%emt 0:00:02]} 46. h4 {[%emt 0:00:02]} Kf5 {[%emt 0:00:01]} 47. e4+ {[%emt 0:00:17]} dxe4 {[%emt 0:00:03]} 48. Rd5+ {[%emt 0:00:01]} Kg4 {[%emt 0:00:02]} 49. Kf1 {[%emt 0:00:08]} Ra7 {[%emt 0:00:09]} 50. Ra5 {[%emt 0:00:04]} Rh7 {[%emt 0:00:02]} 51. Ke1 {[%emt 0:00:02]} Rxh4 {[%emt 0:00:02]} 52. Kd2 {[%emt 0:00:02]} Rh1 {[%emt 0:00:03]} 53. Ra2 {[%emt 0:00:02]} Rd1+ {[%emt 0:00:05]} 54. Ke3 {[%emt 0:00:01]} Rd3# {[%emt 0:00:03] (Lag: Av=0.51s, max=1.2s)} 0-1

[Event "Stay Safe Play From Home 345"]
[Site "Emanuel Lasker Arena"]
[Date "2020.07.30"]
[Round "4"]
[White "Timbre"]
[Black "swolkenlosa"]
[Result "1-0"]
[WhiteElo "1597"]
[BlackElo "1504"]
[Annotator "NA"]
[PlyCount "71"]
[EventDate "2020.07.30"]
[EventType "swiss (blitz)"]

1. d4 {[%emt 0:00:23]} d5 {[%emt 0:00:02]} 2. Nf3 {[%emt 0:00:01]} e6 {[%emt 0:00:01]} 3. c3 {[%emt 0:00:01]} Be7 {[%emt 0:00:01]} 4. Bf4 {[%emt 0:00:02]} h6 {[%emt 0:00:02]} 5. e3 {[%emt 0:00:01]} Nf6 {[%emt 0:00:01]} 6. Bd3 {[%emt 0:00:01]} Nbd7 {[%emt 0:00:01]} 7. Nbd2 {[%emt 0:00:01]} Nh5 {[%emt 0:00:01]} 8. Bg3 {[%emt 0:00:02]} Nxg3 {[%emt 0:00:02]} 9. hxg3 {[%emt 0:00:01]} Nf6 {[%emt 0:00:01]} 10. Qe2 {[%emt 0:00:01]} b6 {[%emt 0:00:02]} 11. e4 {[%emt 0:00:03]} dxe4 {[%emt 0:00:02]} 12. Nxe4 {[%emt 0:00:02]} Bb7 {[%emt 0:00:01]} 13. Nxf6+ {[%emt 0:00:02]} Bxf6 {[%emt 0:00:02]} 14. Kf1 {[%emt 0:00:01]} Qe7 {[%emt 0:00:03]} 15. Kg1 {[%emt 0:00:02]} O-O-O {[%emt 0:00:03]} 16. Ba6 {[%emt 0:00:03]} Kb8 {[%emt 0:00:10]} 17. Bxb7 {[%emt 0:00:02]} Kxb7 {[%emt 0:00:01]} 18. a4 {[%emt 0:00:02]} a5 {[%emt 0:00:02]} 19. b4 {[%emt 0:00:02]} Rd5 {[%emt 0:00:05]} 20. bxa5 {[%emt 0:00:02]} Rxa5 {[%emt 0:00:02]} 21. c4 {[%emt 0:00:01]} Qb4 {[%emt 0:00:06]} 22. Rb1 {[%emt 0:00:04]} Qxa4 {[%emt 0:00:03]} 23. c5 {[%emt 0:00:01]} Bxd4 {[%emt 0:00:06]} 24. Qe4+ {[%emt 0:00:06]} Ka7 {[%emt 0:00:09]} 25. Nxd4 {[%emt 0:00:02]} Rxc5 {[%emt 0:00:05]} 26. Qe3 {[%emt 0:00:11]} Ra5 {[%emt 0:00:02]} 27. Nf3 {[%emt 0:00:20]} Rc8 {[%emt 0:00:11]} 28. Rh4 {[%emt 0:00:03]} Qc2 {[%emt 0:00:03]} 29. Rc1 {[%emt 0:00:07]} Qf5 {[%emt 0:00:09]} 30. Rhc4 {[%emt 0:00:04]} Kb8 {[%emt 0:00:14]} 31. Nd4 {[%emt 0:00:04]} Qd5 {[%emt 0:00:10]} 32. Nc6+ {[%emt 0:00:03]} Kb7 {[%emt 0:00:02]} 33. Nxa5+ {[%emt 0:00:05]} Qxa5 {[%emt 0:00:02]} 34. Qe4+ {[%emt 0:00:04]} Kb8 {[%emt 0:00:05]} 35. Ra4 {[%emt 0:00:04]} Qd2 {[%emt 0:00:05]} 36. Qa8# {[%emt 0:00:04] (Lag: Av=0.19s, max=0.5s) Mate} 1-0

[Event "Stay Safe Play From Home 345"]
[Site "Emanuel Lasker Arena"]
[Date "2020.07.30"]
[Round "4"]
[White "Klasman"]
[Black "Mehdi1887"]
[Result "1-0"]
[WhiteElo "1534"]
[BlackElo "1718"]
[Annotator "NA"]
[PlyCount "65"]
[EventDate "2020.07.30"]
[EventType "swiss (blitz)"]

1. f4 {[%emt 0:00:03]} Nf6 {[%emt 0:00:02]} 2. Nf3 {[%emt 0:00:01]} d6 {[%emt 0:00:01]} 3. Nc3 {[%emt 0:00:01]} Nbd7 {[%emt 0:00:01]} 4. e4 {[%emt 0:00:01]} g6 {[%emt 0:00:04]} 5. d4 {[%emt 0:00:01]} Bg7 {[%emt 0:00:02]} 6. Bd3 {[%emt 0:00:02]} O-O {[%emt 0:00:01]} 7. h3 {[%emt 0:00:01]} e5 {[%emt 0:00:01]} 8. d5 {[%emt 0:00:04]} Nc5 {[%emt 0:00:06]} 9. O-O {[%emt 0:00:03]} Nxd3 {[%emt 0:00:12]} 10. cxd3 {[%emt 0:00:03]} exf4 {[%emt 0:00:02]} 11. Bxf4 {[%emt 0:00:02]} Nh5 {[%emt 0:00:01]} 12. Be3 {[%emt 0:00:06]} f5 {[%emt 0:00:04]} 13. Bd4 {[%emt 0:00:05]} Bxd4+ {[%emt 0:00:04]} 14. Nxd4 {[%emt 0:00:02]} fxe4 {[%emt 0:00:01]} 15. dxe4 {[%emt 0:00:01]} Rxf1+ {[%emt 0:00:09]} 16. Qxf1 {[%emt 0:00:03]} Qg5 {[%emt 0:00:03]} 17. Qf3 {[%emt 0:00:08]} Qe5 {[%emt 0:00:16]} 18. Ndb5 {[%emt 0:00:14]} Bd7 {[%emt 0:00:05]} 19. Rf1 {[%emt 0:00:04]} Bxb5 {[%emt 0:00:16]} 20. Nxb5 {[%emt 0:00:11]} a6 {[%emt 0:00:06]} 21. Nxc7 {[%emt 0:00:03]} Rc8 {[%emt 0:00:03]} 22. Qf7+ {[%emt 0:00:13]} Kh8 {[%emt 0:00:04]} 23. Ne6 {[%emt 0:00:04]} Ng3 {[%emt 0:00:08]} 24. Qxb7 {[%emt 0:00:22]} Rg8 {[%emt 0:00:10]} 25. Rf7 {[%emt 0:00:09]} Ne2+ {[%emt 0:00:07]} 26. Kf2 {[%emt 0:00:10]} Qh5 {[%emt 0:00:07]} 27. Rf8 {[%emt 0:00:10]} Rxf8+ {[%emt 0:00:03]} 28. Nxf8 {[%emt 0:00:04]} Qh4+ {[%emt 0:00:07]} 29. Kxe2 {[%emt 0:00:02]} Qh5+ {[%emt 0:00:01]} 30. Kd3 {[%emt 0:00:02]} Qh6 {[%emt 0:00:04]} 31. Ne6 {[%emt 0:00:02]} g5 {[%emt 0:00:02]} 32. Qb8+ {[%emt 0:00:03]} Qf8 {[%emt 0:00:02]} 33. Qxf8# {[%emt 0:00:02] (Lag: Av=0.74s, max=1.2s)} 1-0

[Event "Stay Safe Play From Home 345"]
[Site "Emanuel Lasker Arena"]
[Date "2020.07.30"]
[Round "5"]
[White "Haris kollari 13"]
[Black "Greblha"]
[Result "0-1"]
[WhiteElo "1874"]
[BlackElo "1945"]
[Annotator "NA"]
[PlyCount "128"]
[EventDate "2020.07.30"]
[EventType "swiss (blitz)"]

1. e4 {[%emt 0:00:01]} c6 {[%emt 0:00:00]} 2. f4 {[%emt 0:00:01]} d5 {[%emt 0:00:00]} 3. e5 {[%emt 0:00:00]} Bf5 {[%emt 0:00:02]} 4. Nf3 {[%emt 0:00:00]} e6 {[%emt 0:00:01]} 5. b3 {[%emt 0:00:00]} Ne7 {[%emt 0:00:02]} 6. c3 {[%emt 0:00:01]} Qb6 {[%emt 0:00:06]} 7. d4 {[%emt 0:00:04]} a5 {[%emt 0:00:01]} 8. Be3 {[%emt 0:00:01]} Nd7 {[%emt 0:00:05]} 9. Bd3 {[%emt 0:00:03]} Bxd3 {[%emt 0:00:02]} 10. Qxd3 {[%emt 0:00:01]} Nf5 {[%emt 0:00:00]} 11. Bf2 {[%emt 0:00:01]} c5 {[%emt 0:00:02]} 12. O-O {[%emt 0:00:02]} cxd4 {[%emt 0:00:01]} 13. cxd4 {[%emt 0:00:01]} Be7 {[%emt 0:00:06]} 14. Nc3 {[%emt 0:00:04]} O-O {[%emt 0:00:04]} 15. g4 {[%emt 0:00:01]} Nh6 {[%emt 0:00:02]} 16. h3 {[%emt 0:00:01]} f6 {[%emt 0:00:05]} 17. Be3 {[%emt 0:00:12]} f5 {[%emt 0:00:06]} 18. g5 {[%emt 0:00:02]} Nf7 {[%emt 0:00:01]} 19. Na4 {[%emt 0:00:02]} Qa6 {[%emt 0:00:03]} 20. Qxa6 {[%emt 0:00:04]} Rxa6 {[%emt 0:00:00]} 21. Rac1 {[%emt 0:00:01]} Rc6 {[%emt 0:00:12]} 22. Nc5 {[%emt 0:00:05]} Nxc5 {[%emt 0:00:11]} 23. dxc5 {[%emt 0:00:01]} Rfc8 {[%emt 0:00:02]} 24. Kg2 {[%emt 0:00:09]} Bxc5 {[%emt 0:00:07]} 25. Bxc5 {[%emt 0:00:01]} Rxc5 {[%emt 0:00:01]} 26. Rxc5 {[%emt 0:00:00]} Rxc5 {[%emt 0:00:01]} 27. Nd4 {[%emt 0:00:01]} Nd8 {[%emt 0:00:05]} 28. Rf2 {[%emt 0:00:02]} Kf7 {[%emt 0:00:02]} 29. Rd2 {[%emt 0:00:08]} Nc6 {[%emt 0:00:01]} 30. Nc2 {[%emt 0:00:06]} Nb4 {[%emt 0:00:14]} 31. Nd4 {[%emt 0:00:02]} Rc3 {[%emt 0:00:07]} 32. h4 {[%emt 0:00:04]} Rd3 {[%emt 0:00:10]} 33. Rxd3 {[%emt 0:00:03]} Nxd3 {[%emt 0:00:00]} 34. Nb5 {[%emt 0:00:01]} Nxf4+ {[%emt 0:00:05]} 35. Kf3 {[%emt 0:00:01]} Ng6 {[%emt 0:00:03]} 36. Nd6+ {[%emt 0:00:03]} Ke7 {[%emt 0:00:03]} 37. Nxb7 {[%emt 0:00:01]} Nxh4+ {[%emt 0:00:08]} 38. Ke3 {[%emt 0:00:02]} Ng6 {[%emt 0:00:03]} 39. Kd4 {[%emt 0:00:01]} h6 {[%emt 0:00:02]} 40. gxh6 {[%emt 0:00:02]} gxh6 {[%emt 0:00:01]} 41. Nxa5 {[%emt 0:00:02]} h5 {[%emt 0:00:01]} 42. b4 {[%emt 0:00:03]} h4 {[%emt 0:00:01]} 43. b5 {[%emt 0:00:10]} Kd7 {[%emt 0:00:03]} 44. b6 {[%emt 0:00:02]} Kc8 {[%emt 0:00:02]} 45. Kc5 {[%emt 0:00:04]} Nxe5 {[%emt 0:00:02]} 46. Kd6 {[%emt 0:00:02]} Nc4+ {[%emt 0:00:02]} 47. Nxc4 {[%emt 0:00:05]} dxc4 {[%emt 0:00:01]} 48. Kc6 {[%emt 0:00:01]} Kb8 {[%emt 0:00:01]} 49. a4 {[%emt 0:00:00]} c3 {[%emt 0:00:01]} 50. a5 {[%emt 0:00:00]} c2 {[%emt 0:00:01]} 51. a6 {[%emt 0:00:00]} c1=Q+ {[%emt 0:00:01]} 52. Kd6 {[%emt 0:00:01]} h3 {[%emt 0:00:03]} 53. a7+ {[%emt 0:00:02]} Kb7 {[%emt 0:00:01]} 54. Kxe6 {[%emt 0:00:00]} Qb2 {[%emt 0:00:01]} 55. Kxf5 {[%emt 0:00:01]} Qxb6 {[%emt 0:00:01]} 56. a8=Q+ {[%emt 0:00:00]} Kxa8 {[%emt 0:00:01]} 57. Kg4 {[%emt 0:00:03]} Qb3 {[%emt 0:00:00]} 58. Kh4 {[%emt 0:00:02]} h2 {[%emt 0:00:00]} 59. Kg4 {[%emt 0:00:00]} h1=Q {[%emt 0:00:00]} 60. Kf4 {[%emt 0:00:01]} Qhd5 {[%emt 0:00:01]} 61. Kg4 {[%emt 0:00:02]} Qb4+ {[%emt 0:00:01]} 62. Kg3 {[%emt 0:00:01]} Qd3+ {[%emt 0:00:01]} 63. Kf2 {[%emt 0:00:01]} Qb2+ {[%emt 0:00:01]} 64. Ke1 {[%emt 0:00:01]} Qdb1# {[%emt 0:00:00] (Lag: Av=0.46s, max=0.8s)} 0-1